Schaum`s outline of theory and problems of computer networking (Record no. 60198)
[ view plain ]
| 000 -LEADER | |
|---|---|
| fixed length control field | 00495nam a22001817a 4500 |
| 005 - DATE & TIME | |
| control field | 20260202104553.0 |
| 008 - FIXED-LENGTH DATA ELEMENTS--GENERAL INFORMATION | |
| fixed length control field | 260202b |||||||| |||| 00| 0 eng d |
| 020 ## - ISBN | |
| International Standard Book Number | 9789389538922 |
| Price | 725.00 |
| 040 ## - CATALOGING SOURCE | |
| Original cataloging agency | Doon University |
| 041 ## - Language | |
| Language | English |
| 082 ## - DDC NUMBER | |
| Classification number | 004.6 |
| Book Number | TIT |
| 100 ## - MAIN ENTRY--PERSONAL NAME | |
| Personal name | Tittel, ED |
| 245 ## - TITLE STATEMENT | |
| Title | Schaum`s outline of theory and problems of computer networking |
| 260 ## - PUBLICATION, DISTRIBUTION, ETC. (IMPRINT) | |
| Place of publication, distribution, etc | New York |
| Name of publisher, distributor, etc | McGraw Hill Education |
| Date of publication, distribution, etc | 2020 |
| 300 ## - PHYSICAL DESCRIPTION | |
| Pages | 318 |
| 700 ## - Added Entry Personal Name | |
| Added Entry Personal Name | Computer Science |
| 942 ## - ADDED ENTRY ELEMENTS (KOHA) | |
| Koha item type | Books |
| 100 ## - MAIN ENTRY--PERSONAL NAME | |
| -- | 26154 |
| 700 ## - Added Entry Personal Name | |
| -- | 26155 |
| 952 ## - LOCATION AND ITEM INFORMATION (KOHA) | |
| -- | 2026-02-02 |
| 952 ## - LOCATION AND ITEM INFORMATION (KOHA) | |
| -- | 2026-02-02 |
| 952 ## - LOCATION AND ITEM INFORMATION (KOHA) | |
| -- | 2026-02-02 |
| 952 ## - LOCATION AND ITEM INFORMATION (KOHA) | |
| -- | 2026-02-02 |
| 952 ## - LOCATION AND ITEM INFORMATION (KOHA) | |
| -- | 2026-02-02 |
| Withdrawn status | Lost status | Source of classification or shelving scheme | Damaged status | Not for loan | Location (home branch) | Sublocation or collection (holding branch) | Date acquired | Koha full call number | Accession No. | Koha date last seen | Koha item type | Koha issues (times borrowed) |
|---|---|---|---|---|---|---|---|---|---|---|---|---|
| Not For Loan | Doon University | Doon University | 02.02.2026 | 004.6 TIT | 51890 | 02.02.2026 | Reference | |||||
| Doon University | Doon University | 02.02.2026 | 004.6 TIT | 51891 | 02.02.2026 | Books | ||||||
| Doon University | Doon University | 02.02.2026 | 004.6 TIT | 51892 | 02.02.2026 | Books | ||||||
| Doon University | Doon University | 02.02.2026 | 004.6 TIT | 51893 | 02.02.2026 | Books | ||||||
| Doon University | Doon University | 02.02.2026 | 004.6 TIT | 51894 | 02.02.2026 | Books |